000
00266nam a22001217a 4500
999
_c
161775
_d
161775
082
_a
_b
100
_a
Anil Sexena
245
_a
Later sultanate period/
_c
by Anil Sexena.
260
_a
New Delhi:
_b
Anmol,
_c
2007.
300
_a
325p.
650
_a
942
_c
BK